000 00384nam a2200145Ia 4500
008 230917s9999||||xx |||||||||||||| ||und||
040 _e195032
_aMAIN
041 _aEnglish
082 _a005.8 S18C
100 _aStallings, William
245 0 _aComputer security: Principles and practice
260 _aNew Delhi
_bPearson Education
_c2008
300 _axviii, 798 p.
942 _cBK
999 _c157808
_d157808